000 00334 a2200109 4500
001 ART_31283
005 20260410161840.0
008 260409a
245 1 0 _aEl estado actual de la implementación de los seguros ambientales
100 1 _aCumini, Cecilia
773 0 _tRAP
_g- Año 36, Nº 423 (dic. 2013)
_wREV5941
999 _c24020
_d24020